| 000 | 00478nam a22001697a 4500 | ||
|---|---|---|---|
| 005 | 20250214163601.0 | ||
| 008 | 250214b |||||||| |||| 00| 0 eng d | ||
| 020 | _a9780534624637 | ||
| 050 |
_aBF121 _b.K26 LUD |
||
| 100 | _aLudorf Mark R. | ||
| 245 |
_aStudy Guide for Kalat's Introduction to Psychology/ _cMark R. Ludorf |
||
| 250 | _a7th Ed. | ||
| 260 |
_aBelmont _bWadsworth _c2005 |
||
| 300 |
_axxiv. 400p. _c27 cm |
||
| 650 | _2Psychology | ||
| 942 |
_2lcc _cBK _e7th Ed. _n0 |
||
| 999 |
_c3876 _d3876 |
||